000 00313nam a22001097a 4500
082 _a669.01 TWE'M
100 _aTWEEDDALE, J. G
_980009
245 _aMETALLURGICAL PRINCIPLES FOR ENGINEER'S THE CONTROL MANUFACTURE MANIPULATION AND USE OF METALS
260 _aLONDON
_bILIFFE
_c1962
300 _a560P
942 _cBK
999 _c584985
_d584985